000 00627nam a2200193Ii 4500
003 JO-AjNU
008 230605s9999||||xx |||||||||||||| ||und||
040 _aJO-AjNU
_bara
_erda
_cJO-AjNU
041 _aara
050 1 4 _aGV461.S526 2002
100 3 _aشحاتة، محمد إبراهيم,
_eauthor
_919027
245 0 0 _aدليل الجمباز الحديث
264 3 1 _aالاسكندرية: المكتب الجامعي الحديث، 2002
300 _a469ص
336 _atext
_btxt
_2rdacontent
337 _aunmediated
_bn
_2rdamedia
338 _avolume
_bnc
_2rdacarrier
650 4 _aالحمباز الحديث
_919028
999 _aA6195
_c9763
_d9763